Zdokonaľovanie hodnotenia vzdelávania zamestnancov dizertačná práca

Gespeichert in:
Bibliographische Detailangaben
1. Verfasser: Sochanič, Vladislav
Körperschaft: Fakulta podnikového manažmentu EU. Katedra manažmentu
Weitere Verfasser: Matulčíková, Marta, 1964-
Format: Buch
Sprache:Slowakisch
Veröffentlicht: Bratislava 2020
Schlagworte:
Tags: Tag hinzufügen
Keine Tags, Fügen Sie das erste Tag hinzu!

MARC

LEADER 00000nbm a2200000 4500
001 0268043
005 20230302102201.4
041 0 |a slo 
044 |a SK 
245 1 0 |a Zdokonaľovanie hodnotenia vzdelávania zamestnancov  |b dizertačná práca  |c Vladislav Sochanič ; školiteľ: Marta Matulčíková 
264 1 |a Bratislava  |c 2020 
300 |a 162 s. 
610 2 0 |a vzdelávanie 
610 2 0 |a vzdelávanie celoživotné 
610 2 0 |a zamestnanci 
610 2 0 |a podnik 
610 2 0 |a modely 
100 1 |a Sochanič, Vladislav 
700 1 |a Matulčíková, Marta, 1964- 
710 2 |a Fakulta podnikového manažmentu EU. Katedra manažmentu